Historia completa de las Malvinas. Tomo III /
Guardado en:
| Autor Principal: | |
|---|---|
| Formato: | Libro |
| Idioma: | Spanish |
| Publicado: |
Buenos Aires :
Oriente,
1966.
|
| Edición: | 1a. ed. |
| Materias: | |
| Etiquetas: |
Agregar Etiqueta
Sin Etiquetas, Sea el primero en etiquetar este registro!
|
| LEADER | 00463nam a22001455a 4500 | ||
|---|---|---|---|
| 001 | DER.der015517 | ||
| 008 | 251117s1966####ag#||||||||||||||#||spa|| | ||
| 005 | 20251117113557.0 | ||
| 245 | 1 | 0 | |a Historia completa de las Malvinas. |n Tomo III / |c José Luis Muñoz Azpiri. |
| 250 | |a 1a. ed. | ||
| 260 | |a Buenos Aires : |b Oriente, |c 1966. | ||
| 300 | |a 518 p. | ||
| 100 | 1 | |a Muñoz Azpiri, José Luis | |
| 650 | 7 | |a HISTORIA ARGENTINA | |
| 859 | |a DERECHO |b BIB. DERECHO |h 982 |i MUÑ |p 006873 |3 Tomo III | ||
